ბათუმის შოთა რუსთაველის სახელმწიფო უნივერსიტეტის ბიბლიოთეკა

იესო ქრისტე ქართულ ფოლკლორში : (ბიბ.ჩანაწერი № 36904)

000 -ლიდერი
ფიქსირებული სიგრძის საკონტროლო ველი 01615nam a2200313Ia 4500
001 - საკონტროლო ნომერი
საკონტროლო ველი 2855
003 - საკონტროლო ნომრის იდენტიფიკატორი
საკონტროლო ველი GE_BSU
005 - ბოლო ოპერაციის თარიღი და დრო
საკონტროლო ველი 20190613131528.0
008 - ფიქსირებული სიგრძის მონაცემთა ელემენტები - ზოგადი ინფორმაცია
ფიქსირებული სიგრძის საკონტროლო ველი 181216s2012||||ge |||||||||||||| ||geo||
020 ## - წიგნის საერთაშორისო სტანდარტული ნომერი
International Standard Book Number 9789941043260
040 ## - კატალოგიზაციის წყარო
Transcribing agency GE_BSU
041 ## - ენის კოდი
Language code of text/sound track or separate title geo
080 ## - უნივერსალური ათობითი კლასიფიკაციის ინდექსი
Universal Decimal Classification number 398+27-31 შ–67
100 ## - მთავარი ჩანაწერი - პიროვნების სახელი
Personal name შიოშვილი, თინა
9 (RLIN) 1855
245 ## - ცნობა სათაურის შესახებ
Title იესო ქრისტე ქართულ ფოლკლორში :
Remainder of title [მონოგრაფია] /
Statement of responsibility, etc თინა შიოშვილი ; [რედ. მამია ფაღავა] ; მხატვ. ბესო ლომაძე ; შ. რუსთაველის სახელმწ. უნ-ტი, ქართველოლოგიის ინ-ტი.
264 ## - წარმოების, გამოცემის, დისტრიბუციის და სხვა ცნობები
გამოცემის, წარმოების, დისტრიბუციის... ადგილი თბილისი :
გამოცემის, წარმოების, დისტრიბუციის... სახელწოდება ლამპარი-99,
გამოცემის, წარმოების, დისტრიბუციის... თარიღი 2012.
300 ## - ფიზიკური აღწერა
Extent 286 გვ.;
Other physical details 20სმ.
504 ## - BIBLIOGRAPHY, ETC. NOTE
Bibliography, etc ბიბლიოგრ. ტექსტ. შენიშვნ.
546 ## - LANGUAGE NOTE
Language note რეზ. ინგლ. და რუს.
653 ## - INDEX TERM--UNCONTROLLED
Uncontrolled term ფოლკლორი
653 ## - INDEX TERM--UNCONTROLLED
Uncontrolled term ქართული ფოლკლორი
653 ## - INDEX TERM--UNCONTROLLED
Uncontrolled term ქართული ფოლკლორის ისტორია
653 ## - INDEX TERM--UNCONTROLLED
Uncontrolled term ქართული ფოლკლორის კრიტიკა
653 ## - INDEX TERM--UNCONTROLLED
Uncontrolled term იესო ქრისტე
700 ## - ADDED ENTRY--PERSONAL NAME
Personal name ფაღავა, მაია
Relator term რედაქტორი
9 (RLIN) 2467
700 ## - ADDED ENTRY--PERSONAL NAME
Personal name ლომაძე, ბესო
Relator term მხატვარი
9 (RLIN) 2468
710 ## - ADDED ENTRY--CORPORATE NAME
Corporate name or jurisdiction name as entry element ქართველოლოგიის ინსტიტუტი.
9 (RLIN) 1860
942 ## - ADDED ENTRY ELEMENTS (KOHA)
Koha item type წიგნი
Source of classification or shelving scheme
ეგზემპლარები
ჩამოწერის სტატუსი დაკარგული ეგზემპლარის სტატუსი კლასიფიკაციის წყარო ან თაროზე გაწყობის სქემა დაზიანების სტატუსი არ გაიცემა მუდმივი მდებარეობა (დაცვის ადგილი) ამჟამინდელი ადგილსამყოფელი თაროზე განთავსების ადგილი შეძენის თარიღი სრული შენახვის შიფრი შტრიხკოდი ბოლო ოპერაციის თარიღი ეგზემპლარის მიმდევრობითი ნომერი (კეტერი?) ფასის ძალაში შესვლის თარიღი ეგზემპლარის სახეობა საჯარო შენიშვნა
          ბათუმის შოთა რუსთაველის სახელმწიფო უნივერსიტეტის მთავარი ბიბლიოთეკა ბათუმის შოთა რუსთაველის სახელმწიფო უნივერსიტეტის მთავარი ბიბლიოთეკა წიგნსაცავი 2018-12-17 398+27-31 შ–67 4840 2018-12-17 4840 2018-12-17 წიგნი